00361nam a2200133Ia 4500008004100000041000800041082001400049100002000063245004500083250000600128260005100134300003100185365001100216240624s9999 xx 000 0 und d aeng a511.8 ILL aILLNER REINHARD aMATHEMATICAL MODELLING A CASE STUDIES AP a7 c2011aHyderabadbAmerican Mathematical Society axvi, : 196 : p. : cm. ; 21 cRSb25